| 000 | 00892cam a22002538i 4500 | ||
|---|---|---|---|
| 999 |
_c58423 _d58423 |
||
| 001 | 21684573 | ||
| 005 | 20220126125341.0 | ||
| 006 | m |o d | | ||
| 007 | cr ||||||||||| | ||
| 008 | 200817s2021 enk ob 001 0 eng | ||
| 020 | _a9780367530143 | ||
| 041 | _aeng | ||
| 080 | _a37.018.1 B-84 | ||
| 100 | 1 |
_aBradford, Helen _913464 |
|
| 245 | 1 | 4 |
_aThe wellbeing of children under three / _cHelen Bradford. |
| 250 | _aSecond edition. | ||
| 264 | 1 |
_aLondon : _bRoutledge, _c2021. |
|
| 300 |
_a115 p. _b24 cm. |
||
| 588 | _aDescription based on print version record and CIP data provided by publisher; resource not viewed. | ||
| 653 | _aსამ წლამდე ასაკის ბავშვების განვითარება | ||
| 653 | _aპედაგოგიკა | ||
| 653 | _aРазвитие детей до трех лет | ||
| 942 |
_2udc _cBK |
||